Publications of the national science foundation

محفوظ في:
التفاصيل البيبلوغرافية
التنسيق: كتاب
اللغة:Undetermined
منشور في: Washington National Science 1987
الموضوعات:
الوسوم: إضافة وسم
لا توجد وسوم, كن أول من يضع وسما على هذه التسجيلة!
Thư viện lưu trữ: Trung tâm Học liệu Trường Đại học Cần Thơ
LEADER 00466nam a2200169Ia 4500
001 CTU_98578
008 210402s9999 xx 000 0 und d
082 |a 016.5 
082 |b P976 
245 0 |a Publications of the national science foundation 
260 |a Washington 
260 |b National Science 
260 |c 1987 
650 |a National science foundation 
650 |x Bibliography 
904 |i Truc 
980 |a Trung tâm Học liệu Trường Đại học Cần Thơ